Statistics for Single Word Countries by Position of Letter A

Click here to take the quiz!

General Stats

  • This quiz has been taken 73 times
  • The average score is 10 of 12

Answer Stats

Posn # 1st answer answer % Correct
110Afghanistan1 ✓
100%
236Bahamas2 ✓
98%
432Albania4 ✓
98%
529Afghanistan5 ✓
97%
627Angola6 ✓
97%
314Brazil3 ✓
95%
914Argentina9 ✓
95%
725Albania7 ✓
92%
812Botswana8 ✓
74%
None27BelgiumNone ✓
72%
102Afghanistan10 ✓
66%
111Turkmenistan11 ✓
58%

Score Distribution

Percentile by Number Answered

Percent of People with Each Score

Your Score History

You have not taken this quiz